| 000 | 00416nam a22001337a 4500 | ||
|---|---|---|---|
| 020 | _a9781098107635 | ||
| 040 | _cNUST | ||
| 082 |
_a006.30151 _bNEL |
||
| 100 |
_aNelson, Hala _9127909 |
||
| 245 |
_aEssential Math For AI: _bnext-level mathematics for efficient and successful AI systems / _cHala Nelson |
||
| 260 |
_aSebastopol : _bO Reilly Media , _c2023. |
||
| 300 |
_a568p. ; _bPaperback, _c24cm. |
||
| 942 |
_2ddc _cBK |
||
| 999 |
_c612923 _d612923 |
||